[Event "ESP-ch Rapid"]
[Site "Linares"]
[Date "2023.08.19"]
[Round "1"]
[White "Sanz Losada, Victoriano"]
[Black "Ibarra Jerez, Jose Carlos"]
[Result "0-1"]
[WhiteElo "2049"]
[BlackElo "2563"]
[PlyCount "109"]
[EventDate "2023.08.19"]
[EventType "swiss (rapid)"]
[EventRounds "10"]
[EventCountry "ESP"]
[SourceTitle "CBM 215 Extra"]
[Source "ChessBase"]
[SourceDate "2023.09.30"]
[SourceVersion "1"]
[SourceVersionDate "2023.09.30"]
[SourceQuality "1"]

1. d4 Nf6 2. c4 d6 3. Nc3 e5 4. d5 Nbd7 5. e4 Nc5 6. f3 a5 7. Be3 Be7 8. Qd2 Nfd7 9. g3 c6 10. Nh3 a4 11. Nf2 Qa5 12. 0-0-0 Nb6 13. Nb1 cxd5 14. cxd5 0-0 15. Qxa5 Rxa5 16. Na3 Bd7 17. g4 Rc8 18. Kb1 Na8 19. Nc4 Ra6 20. Rc1 b5 21. Na3 Rb6 22. Be2 Rbb8 23. Nd3 b4 24. Nxc5 dxc5 25. Nc4 f6 26. d6 Bf8 27. Rhd1 Bb5 28. Rd2 Kf7 29. Rcd1 Ke6 30. b3 Nb6 31. Nxb6 Rxb6 32. Bxb5 Rxb5 33. d7 Rd8 34. Rd5 axb3 35. axb3 Rb7 36. Kc2 Rb6 37. Kd3 Rxd7 38. Rxd7 Kxd7 39. Kc4+ Kc6 40. Rd8 Be7 41. Rg8 g5 42. Rg7 Bd6 43. Rf7 Ra6 44. Rxf6 Ra2 45. Bxg5 Rc2+ 46. Kd3 Rc3+ 47. Kd2 Rxb3 48. Rh6 c4 49. Be7 Rd3+ 50. Kc1 b3 51. Rxd6+ Rxd6 52. Bxd6 Kxd6 53. Kb2 Kc5 54. Kc3 Kb5 55. h4 0-1

[Event "Warsaw Najdorf Memorial op-A"]
[Site "Warsaw"]
[Date "2023.07.13"]
[Round "3"]
[White "Babiarz, Arkadiusz"]
[Black "Sanz Losada, Victoriano"]
[Result "1-0"]
[WhiteElo "1976"]
[BlackElo "2092"]
[PlyCount "87"]
[EventDate "2023.07.11"]
[EventType "swiss"]
[EventRounds "9"]
[EventCountry "POL"]
[SourceTitle "EXT 2024"]
[Source "ChessBase"]
[SourceDate "2023.10.10"]
[SourceVersion "1"]
[SourceVersionDate "2023.10.10"]
[SourceQuality "1"]

1. e4 e5 2. Nf3 Nc6 3. Bc4 Be7 4. Nc3 Nf6 5. d4 exd4 6. Nxd4 d6 7. 0-0 0-0 8. Nxc6 bxc6 9. f4 Bb7 10. e5 dxe5 11. fxe5 Qxd1 12. Nxd1 Ng4 13. Bf4 g5 14. Bg3 Rad8 15. h3 Nh6 16. Nc3 Rd2 17. Bd3 c5 18. Ne4 Bxe4 19. Bxe4 Rd4 20. Rae1 a5 21. Bf2 Rb4 22. b3 Rd8 23. Bd3 Kg7 24. Be3 Ra8 25. Bd2 Rb6 26. a4 Ng8 27. Be4 Ra7 28. Bc3 f6 29. Bd5 fxe5 30. Rxe5 Bf6 31. Rxg5+ Kh6 32. Rg3 Bxc3 33. Rxc3 Nf6 34. Rxc5 Rd6 35. Bc4 c6 36. Re5 Kg7 37. Rff5 Rd2 38. Bd3 Nd5 39. Re6 Re7 40. Rxe7+ Nxe7 41. Rxa5 Kf6 42. Rc5 Nd5 43. Rxc6+ Ke7 44. Rc4 1-0

[Event "Warsaw Maciei Memorial"]
[Site "Warsaw"]
[Date "2023.07.10"]
[Round "5"]
[White "Sanz Losada, Victoriano"]
[Black "Malek, Jan"]
[Result "0-1"]
[WhiteElo "2092"]
[BlackElo "2384"]
[PlyCount "72"]
[EventDate "2023.07.10"]
[EventType "swiss (blitz)"]
[EventRounds "11"]
[EventCountry "POL"]
[SourceTitle "CBM 215 Extra"]
[Source "ChessBase"]
[SourceDate "2023.09.30"]
[SourceVersion "1"]
[SourceVersionDate "2023.09.30"]
[SourceQuality "1"]

1. d4 Nf6 2. c4 e6 3. Nc3 d5 4. Bg5 Nbd7 5. cxd5 exd5 6. e3 h6 7. Bf4 c6 8. Bd3 Be7 9. Nf3 Nh5 10. Bg3 Nxg3 11. hxg3 Bd6 12. Qc2 Nf6 13. 0-0-0 Be6 14. Kb1 b5 15. Ne5 Bxe5 16. dxe5 Ng4 17. Bf5 Nxe5 18. Bxe6 fxe6 19. f4 Nf7 20. e4 0-0 21. f5 Ne5 22. fxe6 d4 23. Ne2 d3 24. Qb3 Qe7 25. Nf4 Rad8 26. Rh5 Nc4 27. Ka1 Rxf4 28. gxf4 d2 29. f5 Rd4 30. Rhh1 Rxe4 31. Qf3 Qf6 32. Rb1 Re1 33. Qxc6 Rxh1 34. Qe8+ Kh7 35. e7 Rxb1+ 36. Kxb1 Qxb2# 0-1

[Event "EU-ch Rapid"]
[Site "Katowice"]
[Date "2022.12.18"]
[Round "9"]
[White "Kacprzak, Karol1111"]
[Black "Sanz Losada, Victoriano"]
[Result "1-0"]
[WhiteElo "2226"]
[BlackElo "2110"]
[PlyCount "83"]
[EventDate "2022.12.17"]
[EventType "swiss (rapid)"]
[EventRounds "11"]
[EventCountry "POL"]
[SourceTitle "CBM 211 Extra"]
[Source "ChessBase"]
[SourceDate "2023.01.31"]
[SourceVersion "1"]
[SourceVersionDate "2023.01.31"]
[SourceQuality "1"]

1. e4 c5 2. Nf3 d6 3. d4 cxd4 4. Nxd4 Nf6 5. Nc3 Nc6 6. f3 e6 7. Be3 Be7 8. Qd2 0-0 9. 0-0-0 a6 10. g4 Qc7 11. g5 Nd7 12. f4 Nxd4 13. Bxd4 Nc5 14. Bg2 b5 15. f5 b4 16. Ne2 b3 17. Kb1 bxa2+ 18. Ka1 exf5 19. exf5 Bxf5 20. Bxa8 Rxa8 21. Ng3 Be6 22. Qc3 Bf8 23. b4 Bd5 24. bxc5 Bxh1 25. Rxh1 dxc5 26. Be5 Qc6 27. Rd1 Re8 28. h4 Qg6 29. Rd2 Qe6 30. Re2 Qd5 31. Re1 a5 32. Nh5 c4 33. Nf4 Qb5 34. Qb2 Bb4 35. Bc3 Rxe1+ 36. Bxe1 c3 37. Qxa2 Qf1 38. Nd3 h6 39. g6 Kf8 40. gxf7 Be7 41. Qe6 Qg1 42. Nf4 1-0

[Event "EU-ch Rapid"]
[Site "Katowice"]
[Date "2022.12.18"]
[Round "8"]
[White "Sanz Losada, Victoriano"]
[Black "Vega Gutierrez, Sabrina Neide"]
[Result "1/2-1/2"]
[WhiteElo "2110"]
[BlackElo "2361"]
[PlyCount "95"]
[EventDate "2022.12.17"]
[EventType "swiss (rapid)"]
[EventRounds "11"]
[EventCountry "POL"]
[SourceTitle "CBM 211 Extra"]
[Source "ChessBase"]
[SourceDate "2023.01.31"]
[SourceVersion "1"]
[SourceVersionDate "2023.01.31"]
[SourceQuality "1"]

1. d4 d5 2. c4 e6 3. Nc3 c6 4. Nf3 dxc4 5. a4 Bb4 6. Bg5 Ne7 7. e4 b5 8. Be2 Bb7 9. Qc2 a6 10. 0-0 0-0 11. Rad1 f6 12. Bf4 Nd7 13. Na2 Ba5 14. b3 Ng6 15. Bd6 cxb3 16. Qxb3 Re8 17. Bb4 Nf4 18. Rfe1 Nxe2+ 19. Rxe2 Bxb4 20. Nxb4 Qa5 21. Rc2 bxa4 22. Qc4 Rac8 23. Nd3 Qb5 24. Nc5 Nxc5 25. dxc5 Rcd8 26. Ra1 Rd3 27. h4 a3 28. e5 Qxc4 29. Rxc4 Red8 30. Kh2 fxe5 31. Rb4 Ba8 32. Nxe5 Rc3 33. Rc4 Rxc4 34. Nxc4 Rd4 35. Nb6 Bb7 36. Rxa3 Rxh4+ 37. Kg3 Rh5 38. Rd3 Rg5+ 39. Kh2 Rxc5 40. Rd8+ Kf7 41. Rd7+ Kg6 42. Rxb7 Rb5 43. Rb8 a5 44. Nd7 Rxb8 45. Nxb8 c5 46. Nd7 a4 47. Nxc5 a3 48. Kg3 1/2-1/2

[Event "Warsaw Maciei Memorial"]
[Site "Warsaw"]
[Date "2021.07.09"]
[Round "10"]
[White "Sanz Losada, Victoriano"]
[Black "Karpus, Michal"]
[Result "1-0"]
[WhiteElo "2140"]
[BlackElo "2271"]
[PlyCount "77"]
[EventDate "2021.07.09"]
[EventType "swiss (blitz)"]
[EventRounds "11"]
[EventCountry "POL"]
[SourceTitle "CBM 203 Extra"]
[Source "ChessBase"]
[SourceDate "2021.09.30"]
[SourceVersion "1"]
[SourceVersionDate "2021.09.30"]
[SourceQuality "1"]

1. d4 Nf6 2. c4 e6 3. Nc3 Bb4 4. e3 0-0 5. Nge2 d5 6. a3 Bd6 7. Ng3 c5 8. Bd3 Nc6 9. dxc5 Bxc5 10. b4 Bb6 11. 0-0 Ne5 12. c5 Bc7 13. Bb2 Nxd3 14. Qxd3 e5 15. e4 d4 16. Nce2 Be6 17. f4 exf4 18. Nxf4 Be5 19. Nge2 Qc7 20. Bxd4 Rad8 21. Qe3 Ng4 22. Qc3 Rfe8 23. h3 Bxd4+ 24. Nxd4 Ne5 25. Ndxe6 fxe6 26. Rad1 Nc6 27. Rxd8 Qxd8 28. Nh5 Qg5 29. Qf3 Ne5 30. Qe2 Rd8 31. Nf4 Qe7 32. Qa2 Re8 33. Rd1 Nf7 34. e5 Qg5 35. Nxe6 Qxe5 36. Nd8 Qe3+ 37. Kh1 Rf8 38. Nxf7 Rxf7 39. Rd8+ 1-0

[Event "Warsaw Maciei Memorial"]
[Site "Warsaw"]
[Date "2021.07.09"]
[Round "11"]
[White "Szustakowski, Antoni"]
[Black "Sanz Losada, Victoriano"]
[Result "1-0"]
[WhiteElo "2260"]
[BlackElo "2140"]
[PlyCount "140"]
[EventDate "2021.07.09"]
[EventType "swiss (blitz)"]
[EventRounds "11"]
[EventCountry "POL"]
[SourceTitle "CBM 203 Extra"]
[Source "ChessBase"]
[SourceDate "2021.09.30"]
[SourceVersion "1"]
[SourceVersionDate "2021.09.30"]
[SourceQuality "1"]

1. d4 Nf6 2. c4 e6 3. Nc3 Bb4 4. f3 c5 5. d5 b5 6. e4 bxc4 7. Bxc4 0-0 8. Nge2 exd5 9. Bxd5 Nxd5 10. Qxd5 Nc6 11. Be3 Qe7 12. 0-0 Bb7 13. Qd2 Ne5 14. Qc2 Rad8 15. Rfd1 Nc4 16. Bf2 Nb6 17. Nf4 Qg5 18. Nfd5 Bxc3 19. Nxc3 d5 20. exd5 Nxd5 21. Nxd5 Rxd5 22. Rxd5 Qxd5 23. Qxc5 Qxc5 24. Bxc5 Rd8 25. Bxa7 Rd2 26. b4 g5 27. Be3 Rb2 28. Bxg5 Rxb4 29. a4 h5 30. a5 Ba6 31. Rd1 h4 32. h3 Rb5 33. Bd8 Rb2 34. Bxh4 Ra2 35. Bd8 Kg7 36. Kh2 Be2 37. Rg1 Bxf3 38. Kg3 Bb7 39. Bb6 Ra3+ 40. Kh4 Ra4+ 41. g4 Ra3 42. Rg3 Ra2 43. Re3 Ra4 44. Kg5 Ra2 45. Bd4+ Kh7 46. Re5 Ra4 47. Bb6 Ra3 48. Re7 Bd5 49. h4 Ra4 50. h5 Be6 51. Kf6 Rxg4 52. a6 Rf4+ 53. Ke5 Rf5+ 54. Kd6 Rxh5 55. a7 Bd5 56. Rxf7+ Kg6 57. Re7 Bh1 58. Re8 Rd5+ 59. Kc7 Rd1 60. Rg8+ Kf7 61. Rh8 Be4 62. Rh4 Bg2 63. Rf4+ Ke6 64. Rg4 Bf3 65. Rg8 Ra1 66. Re8+ Kf7 67. Re5 Kf6 68. Bd4 Rc1+ 69. Rc5+ Ke6 70. Rxc1 Kd5 1-0

[Event "Trzcianka Dziedzic Memorial 9th"]
[Site "Trzcianka"]
[Date "2019.10.13"]
[Round "5"]
[White "Aliavdin, Nikolai"]
[Black "Sanz Losada, Victoriano"]
[Result "1-0"]
[WhiteElo "2346"]
[BlackElo "1902"]
[PlyCount "81"]
[EventDate "2019.10.13"]
[EventType "swiss (rapid)"]
[EventRounds "9"]
[EventCountry "POL"]
[SourceTitle "CBM 192 Extra"]
[Source "Chessbase"]
[SourceDate "2019.11.06"]
[SourceVersion "1"]
[SourceVersionDate "2019.11.06"]
[SourceQuality "1"]

1. e4 c5 2. Nf3 d6 3. d4 cxd4 4. Nxd4 Nf6 5. Nc3 Nc6 6. Bg5 e6 7. Qd2 Be7 8. Nb3 0-0 9. 0-0-0 a6 10. h4 b5 11. f3 Bb7 12. g4 b4 13. Na4 Ne5 14. Qxb4 Rb8 15. Qc3 Rc8 16. Qe3 Qc7 17. Rh2 d5 18. Bf4 dxe4 19. Nc3 Nd5 20. Nxd5 exd5 21. fxe4 dxe4 22. Qg3 f6 23. Nd4 Qa5 24. Kb1 Bd5 25. Nb3 Bxb3 26. axb3 Nf3 27. Re2 Rfd8 28. Rc1 Qd5 29. Bg2 Bf8 30. g5 f5 31. g6 Nd4 32. gxh7+ Kh8 33. Ree1 a5 34. Red1 Qc6 35. Qf2 Ne6 36. Be5 a4 37. Rxd8 Rxd8 38. Qxf5 axb3 39. Bxe4 Qa6 40. cxb3 Ra8 41. Bxa8 1-0

[Event "Krakow op-A 29th"]
[Site "Krakow"]
[Date "2018.12.31"]
[Round "6"]
[White "Sanz Losada, Victoriano"]
[Black "Tomaszewski, Roman"]
[Result "1-0"]
[WhiteElo "2121"]
[BlackElo "2216"]
[PlyCount "69"]
[EventDate "2018.12.27"]
[EventType "swiss"]
[EventRounds "9"]
[EventCountry "POL"]
[SourceTitle "CBM 189 Extra"]
[Source "ChessBase"]
[SourceDate "2019.06.03"]
[SourceVersion "1"]
[SourceVersionDate "2019.06.03"]
[SourceQuality "1"]

1. d4 Nf6 2. c4 g6 3. Nc3 d5 4. Nf3 Bg7 5. Bg5 Ne4 6. cxd5 Nxc3 7. bxc3 Qxd5 8. e3 c5 9. Qb3 Be6 10. Bb5+ Nc6 11. c4 Qd8 12. 0-0 h6 13. Bh4 g5 14. Rad1 Bd7 15. Bg3 cxd4 16. exd4 0-0 17. Bxc6 bxc6 18. Ne5 Qc8 19. Qa4 Rd8 20. c5 Be8 21. f4 f6 22. Nc4 Bg6 23. fxg5 hxg5 24. Na5 Qa6 25. Rfe1 Be8 26. h4 gxh4 27. Bxh4 Rac8 28. Re3 Rd5 29. Re6 Rh5 30. d5 Rxh4 31. Qxh4 Qxa5 32. Qg4 Qxc5+ 33. Kh1 Kf7 34. Rxf6+ exf6 35. Qe6+ 1-0

[Event "Krakow op-A 29th"]
[Site "Krakow"]
[Date "2018.12.27"]
[Round "1"]
[White "Sanz Losada, Victoriano"]
[Black "Krishnater, Kushager"]
[Result "1/2-1/2"]
[WhiteElo "2121"]
[BlackElo "2305"]
[PlyCount "50"]
[EventDate "2018.12.27"]
[EventType "swiss"]
[EventRounds "9"]
[EventCountry "POL"]
[SourceTitle "CBM 189 Extra"]
[Source "ChessBase"]
[SourceDate "2019.06.03"]
[SourceVersion "1"]
[SourceVersionDate "2019.06.03"]
[SourceQuality "1"]

1. d4 Nf6 2. c4 e6 3. Nc3 Bb4 4. e3 0-0 5. Nge2 c6 6. Ng3 d5 7. cxd5 exd5 8. Bd3 Re8 9. 0-0 Nbd7 10. a3 Bd6 11. Nf5 Bc7 12. f3 Nf8 13. Qc2 g6 14. Ng3 Qd6 15. b4 Ne6 16. Qf2 Nh5 17. Rd1 a5 18. Bd2 axb4 19. axb4 Rxa1 20. Rxa1 Bd7 21. Nce2 Qf8 22. Nf1 Ra8 23. Qe1 Bd6 24. Rxa8 Qxa8 25. Qb1 Qe8 1/2-1/2

[Event "Warsaw Najdorf Memorial op-A 16th"]
[Site "Warsaw"]
[Date "2018.07.12"]
[Round "5"]
[White "Krstulovic, Alex"]
[Black "Sanz Losada, Victoriano"]
[Result "1-0"]
[WhiteElo "2289"]
[BlackElo "2091"]
[PlyCount "45"]
[EventDate "2018.07.08"]
[EventType "swiss"]
[EventRounds "9"]
[EventCountry "POL"]
[SourceTitle "CBM 185 Extra"]
[Source "ChessBase"]
[SourceDate "2018.07.29"]
[SourceVersion "1"]
[SourceVersionDate "2018.07.29"]
[SourceQuality "1"]

1. d4 Nf6 2. c4 e6 3. Nf3 d5 4. Nc3 c6 5. Bg5 Nbd7 6. e3 Be7 7. Bd3 0-0 8. 0-0 b6 9. e4 dxe4 10. Nxe4 Bb7 11. Qe2 c5 12. Rad1 h6 13. Bxf6 Nxf6 14. dxc5 bxc5 15. Nxf6+ Bxf6 16. Bh7+ Kxh7 17. Rxd8 Rfxd8 18. Rd1 g6 19. Rxd8 Rxd8 20. Kf1 Kg7 21. Ke1 g5 22. Qe3 Bxb2 23. Qb3 1-0

[Event "Mazowiec-chT 1718"]
[Site "Warsaw"]
[Date "2018.02.04"]
[Round "6.3"]
[White "Sanz Losada, Victoriano"]
[Black "Milczarek, Robert"]
[Result "1-0"]
[WhiteElo "2050"]
[BlackElo "1761"]
[PlyCount "46"]
[EventDate "2017.12.03"]
[EventType "team-tourn"]
[EventRounds "10"]
[EventCountry "POL"]
[SourceTitle "EXT 2020"]
[Source "ChessBase"]
[SourceDate "2019.10.17"]
[SourceVersion "1"]
[SourceVersionDate "2019.10.17"]
[SourceQuality "1"]

1. d4 Nf6 2. c4 g6 3. f3 Bg7 4. e4 d6 5. Nc3 0-0 6. Be3 e5 7. Nge2 Nc6 8. Qd2 a6 9. h4 h5 10. 0-0-0 exd4 11. Nxd4 Ne5 12. Bg5 Qe8 13. Qf4 Qe7 14. g4 Be6 15. Rg1 Kh7 16. Qg3 Rg8 17. gxh5 gxh5 18. f4 Neg4 19. e5 dxe5 20. fxe5 Bh6 21. exf6 Qxf6 22. Ne4 Qe7 23. Bd3 f5 1-0

[Event "Mazowiec-chT 1718"]
[Site "Warsaw"]
[Date "2018.01.07"]
[Round "3.14"]
[White "Sanz Losada, Victoriano"]
[Black "Potkanski, Michal"]
[Result "1-0"]
[WhiteElo "2050"]
[BlackElo "1548"]
[PlyCount "53"]
[EventDate "2017.12.03"]
[EventType "team-tourn"]
[EventRounds "10"]
[EventCountry "POL"]
[SourceTitle "EXT 2020"]
[Source "ChessBase"]
[SourceDate "2019.10.17"]
[SourceVersion "1"]
[SourceVersionDate "2019.10.17"]
[SourceQuality "1"]

1. d4 Nf6 2. c4 d6 3. Nc3 g6 4. e4 Nbd7 5. Be3 Bg7 6. f3 b6 7. Qd2 0-0 8. 0-0-0 c5 9. d5 Ne5 10. Bh6 a6 11. Bxg7 Kxg7 12. f4 Ned7 13. Nf3 Kg8 14. e5 Nh5 15. g4 Ng7 16. h4 f5 17. gxf5 Nxf5 18. Bd3 dxe5 19. Ng5 Nd4 20. h5 exf4 21. hxg6 e5 22. Qh2 Nf6 23. Nxh7 Re8 24. Ng5 Kf8 25. Qh6+ Ke7 26. Qg7+ Kd6 27. Nge4+ 1-0

[Event "EU-ch rapid"]
[Site "Katowice"]
[Date "2017.12.17"]
[Round "8"]
[White "Reichmann, Hendrik"]
[Black "Sanz Losada, Victoriano"]
[Result "1-0"]
[WhiteElo "2337"]
[BlackElo "2050"]
[PlyCount "42"]
[EventDate "2017.12.16"]
[EventType "swiss (rapid)"]
[EventRounds "11"]
[EventCountry "POL"]
[SourceTitle "CBM 182 Extra"]
[Source "ChessBase"]
[SourceDate "2018.02.23"]
[SourceVersion "1"]
[SourceVersionDate "2018.02.23"]
[SourceQuality "1"]

1. d4 Nf6 2. Bf4 g6 3. e3 Bg7 4. Nf3 d6 5. h3 0-0 6. Be2 Nc6 7. 0-0 Nd7 8. Nc3 e5 9. Bg5 f6 10. Bh4 Nb6 11. a4 a5 12. dxe5 dxe5 13. Qxd8 Nxd8 14. Rfd1 g5 15. Bg3 Bf5 16. Ne1 c6 17. f4 Nf7 18. e4 Be6 19. Bf2 Bc4 20. Bxb6 Be6 21. Bf2 Bc8 1-0

[Event "EU-ch blitz"]
[Site "Katowice"]
[Date "2017.12.15"]
[Round "15"]
[White "Sanz Losada, Victoriano"]
[Black "Janik, Igor"]
[Result "0-1"]
[WhiteElo "2050"]
[BlackElo "2413"]
[PlyCount "48"]
[EventDate "2017.12.15"]
[EventType "swiss (blitz)"]
[EventRounds "22"]
[EventCountry "POL"]
[SourceTitle "CBM 182 Extra"]
[Source "ChessBase"]
[SourceDate "2018.02.23"]
[SourceVersion "1"]
[SourceVersionDate "2018.02.23"]
[SourceQuality "1"]

1. d4 d6 2. c4 e5 3. Nf3 e4 4. Ng5 f5 5. f3 Be7 6. Nh3 Nf6 7. Nc3 0-0 8. Bg5 exf3 9. gxf3 Nh5 10. Qd2 f4 11. Rg1 Bxh3 12. Bxh3 Bxg5 13. 0-0-0 Bh6 14. Qd3 Nc6 15. a3 Qh4 16. Bf5 Rae8 17. Bxh7+ Kh8 18. Bg6 Re3 19. Qd2 Nf6 20. Bb1 Ne7 21. Qc2 Kg8 22. Rg4 Nxg4 23. Qh7+ Kf7 24. Nd5 Nf6 0-1

[Event "Katowice POL-HUN 5th"]
[Site "Katowice"]
[Date "2017.05.21"]
[Round "6"]
[White "Jakubiec, Artur"]
[Black "Sanz Losada, Victoriano"]
[Result "1-0"]
[WhiteElo "2500"]
[BlackElo "2069"]
[PlyCount "85"]
[EventDate "2017.05.20"]
[EventType "swiss (rapid)"]
[EventRounds "9"]
[EventCountry "POL"]
[SourceTitle "CBM 178 Extra"]
[Source "ChessBase"]
[SourceDate "2017.06.22"]
[SourceVersion "1"]
[SourceVersionDate "2017.06.22"]
[SourceQuality "1"]

1. f4 b5 2. Nf3 Bb7 3. e3 a6 4. b3 d6 5. Bb2 Nd7 6. Be2 Ngf6 7. 0-0 c5 8. a4 b4 9. d3 Qc7 10. e4 0-0-0 11. Ng5 Re8 12. Nxf7 Rg8 13. Ng5 h6 14. Ne6 Qb6 15. a5 Qa7 16. Nd2 g6 17. Kh1 Bg7 18. Bf3 Bh8 19. Nc4 Nh7 20. Bxh8 Rxh8 21. Qd2 Nhf8 22. Nxf8 Rexf8 23. Bg4 Bc6 24. Bxd7+ Kxd7 25. Rae1 Kc8 26. d4 Kb8 27. d5 Bb5 28. e5 Bxc4 29. bxc4 Rf5 30. exd6 exd6 31. Re6 Rd8 32. Rxg6 Qc7 33. c3 b3 34. g4 Rf7 35. Rb1 Re7 36. Re6 Rg7 37. Qd1 Qxa5 38. Qxb3+ Ka7 39. Rxd6 Rf8 40. Rb6 Rff7 41. h3 Re7 42. Kg2 Ka8 43. Rxa6+ 1-0